00447 2200181 4500245005200000020002200052250001100074700001700085700002200102100001800124650001800142005001900160260003700179041001400216084001100230300001500241336000900256 aRahasia Menjadi Miliuner untuk AnakcAndyhText a978-602-6487-29-4 aCet. 1 aHeyward, Amy aRizki Tri Martono aHeyward, Andy aMotivasi Diri a20230120111228 aJakartabPenerbit Erlanggac2017 aIndonesia a155.25 a102 hlm. : atext